| 000 | 00875nas a22002297a 4500 | ||
|---|---|---|---|
| 005 | 20260525161304.0 | ||
| 008 | 260525b19951996pormr|p| |||| 00| z por d | ||
| 040 | _cBR-ViAPE | ||
| 245 | _aAlternativa | ||
| 260 |
_aNova Venécia _bFerrar Promoções Artísticas e Sociais Ltda _c1995-1996 |
||
| 300 |
_av. _bil. |
||
| 310 | _aMensal | ||
| 362 | _aAno 1, n. 1 (out. 1995) - ano 1, n. 7 (fev. 1996). | ||
| 500 | _aDisponibilizada apenas a imagem da capa na versão digital, em virtude de restrições de direitos autorais. | ||
| 500 | _aColeção incompleta: disponíveis apenas alguns números do periódico. | ||
| 650 |
_2Cidades _xPolítica _xCultura _zEspírito Santo |
||
| 651 |
_aEspírito Santo (Brasil) _vPeriódicos |
||
| 700 |
_aFerrari, José Renato _eDiretor |
||
| 710 | _aFerrari Promoções Artísticas e Sociais Ltda | ||
| 942 |
_2ddc _cPER _n1 |
||
| 999 |
_c709 _d709 |
||